000 00567nam a2200193Ia 4500
003 IN-BaIIA
008 211028s9999 xx 000 0 eng d
020 _a0-354-04370-6
040 _cIIA Library
080 _a52(091)
_bBAL
100 _aBalfour, Michael
_911728
245 0 _aStonehenge and its mysteries
_cMichael Balfour
260 _aLondon
_bMacDonald
_c1979
300 _a189p.
650 _aArchaeoastronomy
_92299
650 _aAstronomy and astrophysics thesaurus
650 _aStonehenge
_911729
942 _cBK
999 _c6843
_d6843